Country Names with Consecutive Vowels - Statistics

General Stats
  • This quiz has been taken 452 times
  • The average score is 78 of 88
Answer Stats
Hint Answer % Correct
Australia
96%
Austria
96%
South Korea
95%
India
94%
Russia
94%
Albania
93%
Armenia
92%
Indonesia
92%
Liechtenstein
92%
Lithuania
92%
North Korea
92%
Saudi Arabia
92%
Slovakia
92%
Slovenia
92%
South Africa
92%
Spain
92%
Uruguay
92%
Algeria
91%
Azerbaijan
91%
Estonia
91%
Ethiopia
91%
Guinea
91%
Israel
91%
Latvia
91%
Mauritania
91%
Paraguay
91%
Romania
91%
Venezuela
91%
Vietnam
91%
Zambia
91%
Bosnia and Herzegovina
90%
Croatia
90%
Greece
90%
Laos
90%
Nigeria
90%
North Macedonia
90%
Somalia
90%
Thailand
90%
Ukraine
90%
Eritrea
89%
Georgia
89%
Guinea Bissau
89%
Namibia
89%
Serbia
89%
South Sudan
89%
Bulgaria
88%
Guatemala
88%
Haiti
88%
Luxembourg
88%
Malaysia
88%
Mauritius
88%
New Zealand
88%
Nicaragua
88%
Belgium
87%
Bolivia
87%
Colombia
87%
Djibouti
87%
Ecuador
87%
Liberia
87%
Papua New Guinea
87%
Saint Lucia
87%
Antigua and Barbuda
86%
Bahrain
86%
Cambodia
86%
Cameroon
86%
Equatorial Guinea
86%
F Federated States of Micronesia
86%
Jamaica
86%
Kuwait
86%
Mongolia
86%
Nauru
86%
Palau
86%
Samoa
86%
Syria
86%
Tanzania
86%
Tunisia
86%
Vanuatu
86%
Gambia
85%
Taiwan
85%
Brunei
84%
Ivory Coast
84%
Sao Tome and Principe
83%
East Timor
82%
Saint Vincent and Grenadines
82%
Mozambique
81%
Saint Kitts and Nevis
81%
Sierra Leone
81%
Czechia
80%
No matching quizzes found
Score Distribution
Percent of People with Each Score
Percentile by Number Answered
Your Score History
You have not taken this quiz